Online
Catalog

La tentación totalitaria / (Record no. 25218)

MARC details
000 -CABECERA
campo de control de longitud fija 00788cam a2200241 a 4500
001 - NÚMERO DE CONTROL
campo de control 000025726
005 - FECHA Y HORA DE LA ÚLTIMA TRANSACCIÓN
campo de control 20200930024012.0
008 - DATOS DE LONGITUD FIJA--INFORMACIÓN GENERAL
campo de control de longitud fija 760831s1976 ag 000 | spa d
041 ## - CÓDIGO DE LENGUA
Código de lengua del texto/banda sonora o título independiente spa
Código de lengua original fre
Fuente del código Código de idioma MARC
082 ## - NÚMERO DE LA CLASIFICACIÓN DECIMAL DEWEY
Número de clasificación xxx
Número de documento/Ítem R449t
049 ## - FONDOS LOCALES (OCLC)
Fondos de biblioteca BNGR
040 ## - FUENTE DE LA CATALOGACIÓN
Centro catalogador/agencia de origen DO-SdBNP
100 1# - ENTRADA PRINCIPAL--NOMBRE DE PERSONA
Nombre de persona Revel, Jean-François,
9 (RLIN) 20797
240 #0 - TÍTULO UNIFORME
Título uniforme La tentation totalitaire.
Lenguaje de la obra Español
245 13 - MENCIÓN DE TÍTULO
Título La tentación totalitaria /
Mención de responsabilidad, etc. Jean-François Revel ; traducción Aníbal Leal.
260 ## - PUBLICACIÓN, DISTRIBUCIÓN, ETC.
Lugar de publicación, distribución, etc. Buenos Aires :
Nombre del editor, distribuidor, etc. EMECÉ,
Fecha de publicación, distribución, etc. 1976.
300 ## - DESCRIPCIÓN FÍSICA
Extensión 314 p. ;
Dimensiones 22 cm.
490 1# - MENCIÓN DE SERIE
Mención de serie Grandes Ensayistas
500 ## - NOTA GENERAL
Nota general Incluye referencia al pie de páginas
534 ## - NOTA SOBRE LA VERSIÓN ORIGINAL
Encabezamiento principal del original Título original :
Mención de título del original La tentation totalitaire.
700 1# - PUNTO DE ACCESO ADICIONAL--NOMBRE DE PERSONA
Nombre de persona Leal, Aníbal ,
Término indicativo de función/relación tr.
9 (RLIN) 4573
830 #0 - PUNTO DE ACCESO ADICIONAL DE SERIE-TÍTULO UNIFORME
Título uniforme Grandes Ensayistas
9 (RLIN) 8789
Holdings
Estado de retiro Estado de pérdida Restricciones de uso No para préstamo Código de colección Localización permanente Ubicación/localización actual Ubicación en estantería Fecha de adquisición Número de inventario Total de préstamos Signatura topográfica completa Código de barras Fecha visto por última vez Precio válido a partir de Tipo de ítem Koha
      Excluido de préstamo Monografías: Libros y Folletos General General En catalogación 21.02.2011 LF1   xxx R449t 25726-10 25.06.2020 25.06.2020 No se presta

Powered by Koha